| 000 | 00790nam a2200253Ia 4500 | ||
|---|---|---|---|
| 003 | 0100 | ||
| 008 | 130307s9999 xx 000 0 und d | ||
| 020 | _a1565181867 | ||
| 040 | _cARRUPELIB | ||
| 050 | _aJC585.F734 2003 | ||
| 245 | _aFreedom and choice in a democracy | ||
| 245 | _bmeanings of freedom | ||
| 260 | _aNigeria | ||
| 260 | _bThe Council for Research in Values and Philosophy | ||
| 260 | _c2003 | ||
| 300 | _a205p. | ||
| 300 | _b23 cm. | ||
| 440 | _aCultural heritage and contemporary change. Series VII, Seminars on cultures and values; v.11-12 | ||
| 650 | _aPOLITICAL SCIENCE | ||
| 650 | _bThomas, Aquinas, Saint, 1225?-1274 - Contributions in natural law doctine | ||
| 650 | _cNatural law | ||
| 700 | _aMagliola, Robert ; Farrelly, John (ed.) | ||
| 942 | 0 | 0 | _01 |
| 999 |
_c96761 _d96761 |
||